Raktadaabaaawar Maat (Record no. 356346)

MARC details
000 -LEADER
fixed length control field 003400000a22001570004500
005 - DATE AND TIME OF LATEST TRANSACTION
control field 20120302062315.0
040 ## - CATALOGING SOURCE
Original cataloging agency MAR
100 ## - MAIN ENTRY--PERSONAL NAME
Personal name Garde,Ra.Kru.
245 ## - TITLE STATEMENT
Title Raktadaabaaawar Maat
260 ## - PUBLICATION, DISTRIBUTION, ETC. (IMPRINT)
Place of publication, distribution, etc Pune:Anant Sadashiv Vaidya,1964.
300 ## - PHYSICAL DESCRIPTION
Extent 88p.
650 ## - SUBJECT ADDED ENTRY--TOPICAL TERM
Topical term or geographic name as entry element Aarogya
650 ## - SUBJECT ADDED ENTRY--TOPICAL TERM
Topical term or geographic name as entry element Raktadaab
650 ## - SUBJECT ADDED ENTRY--TOPICAL TERM
Topical term or geographic name as entry element Upchaar
942 ## - ADDED ENTRY ELEMENTS (KOHA)
Koha item type Book
Holdings
Withdrawn status Lost status Damaged status Not for loan Home library Current library Date acquired Total Checkouts Barcode Date last seen Price effective from
        Institute For Oriental Study, Thane Institute For Oriental Study, Thane 12/02/2009   IOS-17406 12/02/2009 12/02/2009